Manual de derecho romano
Guardat en:
| Autors principals: | , |
|---|---|
| Format: | Llibre |
| Idioma: | espanyol |
| Publicat: |
Buenos Aires
Cooperadora de Derecho y Ciencias Sociales
1976
|
| Matèries: | |
| Etiquetes: |
Afegir etiqueta
Sense etiquetes, Sigues el primer a etiquetar aquest registre!
|
MARC
| LEADER | 00000nam a2200000 a 4500 | ||
|---|---|---|---|
| 001 | UCT6079 | ||
| 003 | CL-VaPUC | ||
| 008 | 961230e19760000AG |||||||||||||||||spa|d | ||
| 082 | 0 | 4 | |a 340.54 |b DIP |2 21 |
| 100 | |a Di Pietro, Alfredo |e autor |9 375830 | ||
| 700 | |a Lapieza Elli, Ángel Enrique |e author |9 375831 | ||
| 245 | 1 | 0 | |a Manual de derecho romano |
| 300 | |a 486 p | ||
| 942 | |c BK | ||
| 945 | |d 19961230 00:00:00 |a rleighto | ||
| 260 | |a Buenos Aires |b Cooperadora de Derecho y Ciencias Sociales |c 1976 | ||
| 650 | 0 | |a Derecho romano |9 255930 | |
| 650 | 7 | |a LEGISLACION |2 CL-VaPUC |9 375832 | |
| 650 | 0 | |a Personas |9 255751 | |
| 650 | 0 | |a Derechos reales |9 257708 | |
| 650 | 0 | |a Obligaciones |9 255578 | |
| 650 | 0 | |a Contratos |9 255153 | |
| 650 | 0 | |a Derecho de familia |9 255603 | |
| 650 | 0 | |a Derecho sucesorio |9 255015 | |
| 583 | |a last modification |c 19961230 00:00:00 |k Rodrigo Vera | ||
| 999 | |c 254811 |d 254809 | ||
| 952 | |0 0 |1 0 |4 0 |6 340_540000000000000_DIP_1976 |7 0 |8 A |9 276699 |a BIBDER |b BIBDER |d 2019-11-19 |i 3265749 |o 340.54 DIP 1976 |p 3265749 |r 2023-01-25 |w 2019-11-19 |y BK |k DER | ||